Appropriation of a folk-heroine : (Record no. 19706)

MARC details
000 -LEADER
fixed length control field 01306cam a2200361 a 4500
001 - CONTROL NUMBER
control field 2065691
003 - CONTROL NUMBER IDENTIFIER
control field BDDh-ASL
005 - DATE AND TIME OF LATEST TRANSACTION
control field 20231015025810.0
008 - FIXED-LENGTH DATA ELEMENTS--GENERAL INFORMATION
fixed length control field 940303s1993 ii b f000 0 eng
010 ## - LIBRARY OF CONGRESS CONTROL NUMBER
LC control number 93910159
020 ## - INTERNATIONAL STANDARD BOOK NUMBER
International Standard Book Number 8185952086
025 ## - OVERSEAS ACQUISITION NUMBER
Overseas acquisition number I-E-72910
040 ## - CATALOGING SOURCE
Original cataloging agency DLC
Transcribing agency DLC
Modifying agency DLC
-- BDDh-ASL
042 ## - AUTHENTICATION CODE
Authentication code lcode
043 ## - GEOGRAPHIC AREA CODE
Geographic area code a-ii---
-- a-bg---
050 00 - LIBRARY OF CONGRESS CALL NUMBER
Classification number BL1225.R243
Item number B434 1993
082 00 - DEWEY DECIMAL CLASSIFICATION NUMBER
Classification number 294.5211
Edition number 20
Item number BAA
100 1# - MAIN ENTRY--PERSONAL NAME
Personal name Banerjee, Sumanta.
245 10 - TITLE STATEMENT
Title Appropriation of a folk-heroine :
Remainder of title Radha in medieval Bengali Vaishnavite culture /
Statement of responsibility, etc. Sumanta Banerjee.
260 ## - PUBLICATION, DISTRIBUTION, ETC.
Place of publication, distribution, etc. Shimla :
Name of publisher, distributor, etc. Indian Institute of Advanced Study,
Date of publication, distribution, etc. 1993.
300 ## - PHYSICAL DESCRIPTION
Extent 50 p. :
Dimensions 23 cm.
490 1# - SERIES STATEMENT
Series statement Occasional paper ;
Volume/sequential designation 3
500 ## - GENERAL NOTE
General note "Socio-religious movements and cultural networks in Indian civilization"--Cover.
504 ## - BIBLIOGRAPHY, ETC. NOTE
Bibliography, etc. note Includes bibliographical references (p. 48-50).
600 00 - SUBJECT ADDED ENTRY--PERSONAL NAME
Personal name Radha
Titles and other words associated with a name (Hindu deity)
651 #0 - SUBJECT ADDED ENTRY--GEOGRAPHIC NAME
Geographic name Bengal (India)
General subdivision Civilization.
710 2# - ADDED ENTRY--CORPORATE NAME
Corporate name or jurisdiction name as entry element Indian Institute of Advanced Study.
740 0# - ADDED ENTRY--UNCONTROLLED RELATED/ANALYTICAL TITLE
Uncontrolled related/analytical title Socio-religious movements and cultural networks in Indian civilization.
830 #0 - SERIES ADDED ENTRY--UNIFORM TITLE
Uniform title Occasional paper (Indian Institute of Advanced Study) ;
Volume/sequential designation 3.
906 ## - LOCAL DATA ELEMENT F, LDF (RLIN)
a 7
b cbc
c origode
d 2
e ncip
f 19
g y-gencatlg
942 ## - ADDED ENTRY ELEMENTS (KOHA)
Source of classification or shelving scheme Dewey Decimal Classification
Koha item type Books
Holdings
Withdrawn status Lost status Source of classification or shelving scheme Damaged status Not for loan Collection code Home library Current library Shelving location Date acquired Source of acquisition Total Checkouts Full call number Barcode Date last seen Copy number Price effective from Koha item type Public note
    Dewey Decimal Classification   Not For Loan Non-fiction Asiatic Society Library Asiatic Society Library Ludden Collection 12/15/2020 Donated by Prof. David Ludden   294.5211 BAA 103087 12/15/2020 C-1 12/15/2020 Books RARE

Powered by Koha